| 000 | 00537nam a2200193Ia 4500 | ||
|---|---|---|---|
| 999 |
_c33453 _d33453 |
||
| 003 | OSt | ||
| 005 | 20200916132956.0 | ||
| 008 | 190216s9999||||xx |||||||||||||| ||und|| | ||
| 020 | _a8185814139 | ||
| 040 | _coclc | ||
| 082 |
_a621.38275 _bAGA/F |
||
| 100 |
_aAgarwal, D C _94623 |
||
| 245 | 0 |
_aFibre Optic Communication / _cD C Agarwal |
|
| 250 | _a2nd Ed. | ||
| 260 |
_bWheeler Publishing, _c1999. _aNew Delhi: |
||
| 300 | _a428p | ||
| 650 | _aPhysics | ||
| 942 |
_cBK _2ddc _h621.38275 _iAGA/F _k621.38275 _mAGA/F |
||